Mario Kart World: Personnages - Statistiques

Statistiques générales
  • Ce quiz a été pris 186 fois
    69 depuis la dernière actualisation
  • Le résultat moyen est 34 sur 50
Statistiques - réponses
Personnage % Correct
Luigi
100%
Mario
100%
Peach
96%
Bowser
94%
Daisy
94%
Harmonie
92%
Bowser Jr.
90%
Waluigi
90%
Wario
90%
Bébé Harmonie
88%
Bébé Luigi
88%
Bébé Mario
88%
Bébé Peach
88%
Donkey Kong
88%
Koopa
88%
Roi Boo
88%
Toad
88%
Yoshi
88%
Bébé Daisy
87%
Toadette
85%
Vache
83%
Pauline
81%
Goomba
79%
Lakitu
79%
Birdo
75%
Skelerex
71%
Maskass
69%
Wiggler
63%
Pingouin
62%
Plante Piranha
58%
Cheep Cheep
56%
Dauphin
56%
Topi Taupe
56%
Carottin
52%
Paracoccinelly
52%
Spike
52%
Pokey
50%
Bonhomme de Neige
48%
Pianta
48%
Butitine
46%
Swooper
46%
Pico Condor
42%
Catacouac
40%
Crapognon
40%
Ossec
40%
Frère Marto
38%
Zarbipas
38%
Bill Dozer
35%
Paltrak
35%
Torti Taupe
33%
Aucun quiz correspondant
Distribution des résultats
% des personnes avec chaque résultat
Percentile par nombre de réponses
Votre historique - résultats
Vous n’avez pas pris ce quiz depuis la dernière actualisation